| 000 | 00490nam a2200133Ia 4500 | ||
|---|---|---|---|
| 008 | 221007s9999 xx 000 0 und d | ||
| 041 | _aeng | ||
| 082 | _bDHA | ||
| 100 |
_aDhamdhere Kalyani - 2K131012; Dr.Rachana Shikhare - Guide & [Company Name] - Opel Pro Scro _9103295 |
||
| 245 | _aImpect of Social Networking Sites on business Expansion With Special reference To Opel Pro Scro Company | ||
| 260 |
_cSep-14 _bSavitribai Phule Pune University _aPune |
||
| 300 | _a60p | ||
| 906 | _bGeneral | ||
| 999 |
_c73666 _d73666 |
||